|
|
|
|
| LEADER |
01109nam a2200313 a 4500 |
| 001 |
4060 |
| 003 |
BD-DhAAL |
| 005 |
20150910091243.0 |
| 008 |
150910s1995 njuab b 001 0 eng |
| 010 |
|
|
|a 94019435
|
| 020 |
|
|
|a 8120309766
|
| 020 |
|
|
|a 0131572563
|
| 040 |
|
|
|a DLC
|c DLC
|d DLC
|d BD-DhAAL
|
| 050 |
0 |
0 |
|a HG4529
|b .F57 1995
|
| 082 |
0 |
0 |
|a 332.63/2
|2 20
|
| 100 |
1 |
|
|a Fischer, Donald E.
|9 14524
|
| 245 |
1 |
0 |
|a Security analysis and portfolio management /
|c Donald E. Fischer, Ronald J. Jordan.
|
| 246 |
1 |
4 |
|a Security analysis & portfolio management
|
| 250 |
|
|
|a 6th ed.
|
| 260 |
|
|
|a Englewood Cliffs, N.J. :
|a New Delhi :
|b Prentice Hall,
|c c1995.
|
| 300 |
|
|
|a xi, 691 p. :
|b ill., map ;
|c 25 cm.
|
| 504 |
|
|
|a Includes bibliographical references and index.
|
| 541 |
|
|
|e 4060
|
| 650 |
|
0 |
|a Investment analysis.
|9 14525
|
| 650 |
|
0 |
|a Portfolio management.
|9 13528
|
| 700 |
1 |
|
|a Jordan, Ronald J.
|9 14526
|
| 942 |
|
|
|2 ddc
|c BK
|
| 999 |
|
|
|c 35489
|d 35489
|
| 952 |
|
|
|0 0
|1 0
|2 ddc
|4 0
|6 332_630000000000000_2_FIS
|7 0
|9 55818
|a SCL
|b SCL
|c GEN
|d 2015-09-10
|g 250.00
|l 0
|o 332.632 FIS
|p 3020004060
|r 2015-09-10
|t 1
|w 2015-09-10
|y BK
|